Dominique Méda, Qu’est-ce que la richesse ?, Paris, Flammarion, coll. « Champs », 2001 [1999]. (notice n° 1640264)

détails MARC
000 -LEADER
fixed length control field 02145cam a2200169 4500500
005 - DATE AND TIME OF LATEST TRANSACTION
control field 20260201082103.0
041 ## - LANGUAGE CODE
Language code of text/sound track or separate title fre
042 ## - AUTHENTICATION CODE
Authentication code dc
100 10 - MAIN ENTRY--PERSONAL NAME
Personal name Lantz, Pierre
Relator term author
245 00 - TITLE STATEMENT
Title Dominique Méda, Qu’est-ce que la richesse ?, Paris, Flammarion, coll. « Champs », 2001 [1999].
260 ## - PUBLICATION, DISTRIBUTION, ETC.
Date of publication, distribution, etc. 2005.<br/>
500 ## - GENERAL NOTE
General note 98
520 ## - SUMMARY, ETC.
Summary, etc. Résumé En présupposant un modèle où la rationalité humaine s’appliquerait aussi nécessairement que les lois de la nature, l’économie néoclassique s’est présentée comme science rigoureuse. À l’interrogation ricardienne sur les causes de la richesse (choses nécessaires à la vie) se substitue alors sa formulation comme maximum d’utilité dans un régime de concurrence absolue. Pourtant, on ne peut s’en tenir au marché pour saisir ce qui accroît la richesse effective (forces productives), ni négliger l’ambiguïté de cette notion parfois confondue avec la valeur d’usage. La définition de la richesse dépend des situations sociales et des critères de son calcul (comment produire le maximum de choses désirées ?). Ces critères sont, par définition, incalculables.
520 ## - SUMMARY, ETC.
Summary, etc. Abstract Incommensurable Productive Forces and All-Too-Human Norms of ExchangNeoclassical economics can be presented as a rigorous science by presupposing a model where human rationality is as important as natural law. Ricardo’s ideas about the origins of wealth (human necessities) can be replaced by the notion of utility in conditions of absolute competition. However, the market cannot explain what increases wealth (productive forces) and one cannot neglect the ambiguity of the notion of « utility », which is sometimes confused with use value. The definition of wealth depends on social situations and the criteria of its calculation (how can the maximum of desired things be produced ?). These criteria are, by definition, impossible to calculate.
786 0# - DATA SOURCE ENTRY
Note L'Homme & la Société | 156-157 | 2 | 2005-06-01 | p. 199b-216b | 0018-4306
856 41 - ELECTRONIC LOCATION AND ACCESS
Uniform Resource Identifier <a href="https://shs.cairn.info/revue-l-homme-et-la-societe-2005-2-page-199b?lang=fr&redirect-ssocas=7080">https://shs.cairn.info/revue-l-homme-et-la-societe-2005-2-page-199b?lang=fr&redirect-ssocas=7080</a>

Pas d'exemplaire disponible.

PLUDOC

PLUDOC est la plateforme unique et centralisée de gestion des bibliothèques physiques et numériques de Guinée administré par le CEDUST. Elle est la plus grande base de données de ressources documentaires pour les Étudiants, Enseignants chercheurs et Chercheurs de Guinée.

Adresse

627 919 101/664 919 101

25 boulevard du commerce
Kaloum, Conakry, Guinée

Réseaux sociaux

Powered by Netsen Group @ 2025